Selected drawings of Gian Lorenzo Bernini

Gardado en:
Detalles Bibliográficos
Autor Principal: Harris, Ann Sutherland (Author)
Formato: Libro
Idioma:inglés
Publicado: Nueva York Dover 1977
Series:Dover Art Collections
Subjects:
Tags: Engadir etiqueta
Sen Etiquetas, Sexa o primeiro en etiquetar este rexistro!

MARC

LEADER 00000nam a2200000 a 4500
001 UCT3903
003 CL-VaPUC
008 961031e19770000US |||||||||||||||||eng|d
082 0 4 |a 741.092  |b HAR  |2 21 
100 0 |a Harris, Ann Sutherland  |e author  |9 372962 
245 1 0 |a Selected drawings of Gian Lorenzo Bernini 
300 |a 100 p 
942 |c BK 
945 |d 19961031 00:00:00  |a nastorga 
260 |a Nueva York  |b Dover  |c 1977 
600 0 7 |a BERNINI, GIAN LORENZO  |2 CL-VaPUC  |9 267545 
650 0 |a Dibujos  |9 264123 
650 0 |a Artistas   |9 262026 
650 7 |a BOSQUEJOS  |2 CL-VaPUC  |9 372951 
650 0 |a Retratos  |9 313437 
650 0 |a Pintura  |9 265046 
583 |a last modification  |c 19961031 00:00:00  |k Rodrigo Vera 
490 0 |a Dover Art Collections 
999 |c 253407  |d 253405 
952 |0 0  |1 0  |4 0  |6 741_092000000000000_HAR_1977  |7 0  |8 A  |9 274239  |a BIBARQ  |b BIBARQ  |d 2019-11-19  |i 3244199  |l 2  |m 2  |o 741.092 HAR 1977  |p 3244199  |r 2025-01-20  |s 2024-06-17  |w 2019-11-19  |y BK  |k ARQ